Polish Diaspora - Statistics

General Stats
  • This quiz has been taken 388 times
    383 since last reset
  • The average score is 25 of 30
Answer Stats
Hint Answer % Correct
9 600 000 United States
100%
900 000 United Kingdom
99%
4 000 000 Germany
98%
73 000 Russia
96%
1 000 000 Canada
95%
1 000 000 France
95%
70 000 Spain
95%
70 000 Italy
94%
110 000 Sweden
94%
140 000 Ukraine
93%
90 000 Norway
92%
2 000 000 Brazil
90%
47 000 Australia
89%
500 000 Argentina
87%
21 000 Austria
87%
52 000 Czech Republic
87%
120 000 Ireland
86%
200 000 Lithuania
85%
40 000 Denmark
84%
500 000 Belarus
83%
70 000 Belgium
83%
50 000 Netherlands
83%
15 000 Mexico
81%
51 000 Latvia
80%
50 000 Greece
74%
100 000 Chile
66%
10 000 Iceland
59%
25 000 South Africa
48%
150 000 Israel
43%
6 000 Venezuela
42%
No matching quizzes found
Score Distribution
Percent of People with Each Score
Percentile by Number Answered
Your Score History
You have not taken this quiz since the last reset